Quels ingrédients pour chaque cocktails - Statistiques

Statistiques générales
  • Ce quiz a été pris 158 fois
  • Le résultat moyen est 19 sur 45
Statistiques - réponses
Réponse % Correct
Menthe
95%
Rhum
94%
Rhum
94%
Rhum
94%
Jus de citron
86%
Vodka
85%
Vodka
85%
Sucre
81%
Sucre
81%
Jus d'ananas
73%
Gin
63%
Gin
63%
Gin
63%
Gin
63%
Citron vert
60%
Citron vert
60%
Jus de Tomate
57%
Téquila
53%
Glace
49%
Coca-Cola
46%
Jus d'Orange
44%
Ricard
40%
Orgeat
37%
Sel au céleri
34%
Tabasco
31%
Perrier
30%
Sirop de grenadine
27%
Baileys
26%
Cointreau
22%
Poivre
22%
Triple Sec
21%
Crème de coco
18%
Glace pilée
16%
Jus de citron
14%
Sauce Worcester
13%
Rhum ambré
12%
Sirop de sucre
11%
Ginger Beer
10%
Vermouth
10%
Chartreuse
9%
Kahlua
9%
Marasquin
7%
Absinthe
5%
Angostura Bitter
4%
Citrons
2%
Aucun quiz correspondant
Distribution des résultats
% des personnes avec chaque résultat
Percentile par nombre de réponses
Votre historique - résultats
Vous n’avez pas pris ce quiz